00422 2200157 4500245005400000020002200054250001100076100002700087650002700114005001900141260004100160041001400201084001200215300002800227336000900255 aSegeralah Menikah !cNora Veronica KastellahText a978-602-02-9329-5 aCet. 1 aNora Veronica Kastella aPerkawinan dalam Islam a20241018104934 aJakartabElex Media Komputindoc2016 aIndonesia a297.577 aviii, 80 hlm. :c21 cm. atext